000 00572nam a2200169Ia 4500
008 090711s9999 xx 000 0 und d
082 _b63250
100 _aजोशी द. दा.
245 _aविज्ञानयोगी डॉ. बाबा आमटे
260 _c1989
300 _a126
600 _aजोशी द. दा.
630 _aविज्ञानयोगी डॉ. बाबा आमटे
700 _aजोशी द. दा.
730 _aविज्ञानयोगी डॉ. बाबा आमटे
942 _cBOOK
999 _c319232
_d319232